The Israel / Palestine question : (Record no. 10975)
[ view plain ]
| 000 -LEADER | |
|---|---|
| fixed length control field | 02548cam a2200373 i 4500 |
| 001 - CONTROL NUMBER | |
| control field | 14599660 |
| 003 - CONTROL NUMBER IDENTIFIER | |
| control field | EG-ScBUE |
| 005 - DATE AND TIME OF LATEST TRANSACTION | |
| control field | 20240502110124.0 |
| 008 - FIXED-LENGTH DATA ELEMENTS--GENERAL INFORMATION | |
| fixed length control field | 061018s2007 enk f b 001 0 eng d |
| 020 ## - INTERNATIONAL STANDARD BOOK NUMBER | |
| International Standard Book Number | 9780415410953 (pbk.) |
| 020 ## - INTERNATIONAL STANDARD BOOK NUMBER | |
| International Standard Book Number | 0415410959 (pbk.) |
| 040 ## - CATALOGING SOURCE | |
| Original cataloging agency | DLC |
| Language of cataloging | eng |
| Description conventions | rda |
| Transcribing agency | DLC |
| Modifying agency | DLC |
| -- | EG-ScBUE |
| 043 ## - GEOGRAPHIC AREA CODE | |
| Geographic area code | a-is--- |
| -- | ma----- |
| 082 04 - DEWEY DECIMAL CLASSIFICATION NUMBER | |
| Classification number | 956.042 |
| Edition number | 22 |
| Item number | ISR |
| 245 04 - TITLE STATEMENT | |
| Title | The Israel / Palestine question : |
| Remainder of title | a reader / |
| Statement of responsibility, etc | edited by Ilan Pappé. |
| 250 ## - EDITION STATEMENT | |
| Edition statement | Second edition. |
| 264 #1 - PUBLICATION, DISTRIBUTION, ETC. (IMPRINT) | |
| Place of publication, distribution, etc | Milton Park, Abingdon, Oxon ; |
| -- | New York, NY : |
| Name of publisher, distributor, etc | Routledge, |
| Date of publication, distribution, etc | 2007. |
| 300 ## - PHYSICAL DESCRIPTION | |
| Extent | 292 pages ; |
| Dimensions | 20 cm |
| 336 ## - CONTENT TYPE | |
| Source | rdacontent |
| Content type term | text |
| Content type code | txt |
| 337 ## - MEDIA TYPE | |
| Media type term | unmediated |
| Source | rdamedia |
| Media type code | n |
| 338 ## - CARRIER TYPE | |
| Carrier type term | volume |
| Carrier type code | nc |
| Source | rdacarrier |
| 500 ## - GENERAL NOTE | |
| General note | Includes new material not found in the first ed. |
| 504 ## - BIBLIOGRAPHY, ETC. NOTE | |
| Linkage | Includes bibliographical references and index. |
| 505 0# - FORMATTED CONTENTS NOTE | |
| Formatted contents note | New historiographical orientation in the research on the Palestine question / Ilan Pappé -- Rediscovering Ottoman Palestine : writing Palestinians into history / Beshara B. Doumani -- The rise of the Sanjak of Jerusalem in the late nineteenth century / Butrus Abu-Manneh -- The colonization perspective in Israeli sociology / Uri Ram -- Zionism and colonialism : a comparative approach / Gershon Shafir -- Revisiting the UNGA partition resolution / Walid Khalidi -- Historical truth, modern historiography, and ethical obligations : the challenge of the Tantura case / Ilan Pappé -- The debate about 1948 / Avi Shlaim -- Minor marriages and Khiyar al-Bulugh in Ottoman Palestine : a note on women's strategies in a patriarchal society / Mahmoud Yazbak -- From salons to the popular committees : Palestinian women, 1919-89 / Islad Jad -- Crime and legal control, the Israeli Arab population during the military government period (1948-66) / Alina Korn -- Palestinians in Israel under the Israeli "ethnocratic" regime / Asad Ghanem -- Present absentees and indigenous resistance / Nur Masalha. |
| 650 #7 - SUBJECT ADDED ENTRY--TOPICAL TERM | |
| Topical term or geographic name as entry element | Jewish-Arab relations |
| General subdivision | History. |
| Source of heading or term | BUEsh |
| 650 #7 - SUBJECT ADDED ENTRY--TOPICAL TERM | |
| Topical term or geographic name as entry element | Israel-Arab War, 1948-1949 |
| General subdivision | Historiography. |
| Source of heading or term | BUEsh |
| 650 #7 - SUBJECT ADDED ENTRY--TOPICAL TERM | |
| Topical term or geographic name as entry element | Palestinian Arabs |
| Geographic subdivision | Israel. |
| Source of heading or term | BUEsh |
| 650 #7 - SUBJECT ADDED ENTRY--TOPICAL TERM | |
| Topical term or geographic name as entry element | Women, Palestinian Arab |
| General subdivision | History. |
| Source of heading or term | BUEsh |
| 655 ## - INDEX TERM--GENRE/FORM | |
| Form subdivision | Reading book |
| 700 1# - ADDED ENTRY--PERSONAL NAME | |
| Personal name | Pappé, Ilan, |
| Relator term | editor. |
| 856 41 - ELECTRONIC LOCATION AND ACCESS | |
| Materials specified | Table of contents only |
| Uniform Resource Identifier | <a href="http://www.loc.gov/catdir/toc/ecip073/2006034952.html">http://www.loc.gov/catdir/toc/ecip073/2006034952.html</a> |
| 942 ## - ADDED ENTRY ELEMENTS (KOHA) | |
| Source of classification or shelving scheme | Dewey Decimal Classification |
| Koha item type | Book - Borrowing |
| Withdrawn status | Lost status | Source of classification or shelving scheme | Damaged status | Not for loan | Collection code | Home library | Current library | Shelving location | Date acquired | Source of acquisition | Total Checkouts | Total Renewals | Full call number | Barcode | Date last seen | Date checked out | Price effective from | Koha item type |
|---|---|---|---|---|---|---|---|---|---|---|---|---|---|---|---|---|---|---|
| Dewey Decimal Classification | Baccah | Central Library | Central Library | Second Floor | 01/03/2009 | Purchase | 4 | 26 | 956.042 ISR | 000014999 | 15/07/2025 | 04/10/2018 | 01/03/2009 | Book - Borrowing | ||||
| Dewey Decimal Classification | Baccah | Central Library | Central Library | Second Floor | 01/03/2009 | Purchase | 956.042 ISR | 000014998 | 15/07/2025 | 01/03/2009 | NB - Book (Non borrowing) | |||||||
| Dewey Decimal Classification | Baccah | Central Library | Central Library | Second Floor | 01/03/2009 | Purchase | 2 | 7 | 956.042 ISR | 000014996 | 15/07/2025 | 09/05/2010 | Book - Borrowing | |||||
| Dewey Decimal Classification | Baccah | Central Library | Central Library | Second Floor | 01/03/2009 | Purchase | 7 | 19 | 956.042 ISR | 000014995 | 15/07/2025 | 27/02/2024 | 01/03/2009 | Book - Borrowing | ||||
| Dewey Decimal Classification | Baccah | Central Library | Central Library | Second Floor | 02/03/2009 | Purchase | 3 | 9 | 956.042 ISR | 000014994 | 15/07/2025 | 15/03/2016 | 02/03/2009 | Book - Borrowing |